|
|
|
|
| LEADER |
00617cam a2200169 7i4500 |
| 001 |
0000003543 |
| 005 |
20171027090000.0 |
| 020 |
|
|
|a 0201596210 (alk. paper)
|
| 090 |
0 |
0 |
|a TA330
|b .JAM 1999
|
| 100 |
1 |
|
|a James, Glyn
|
| 245 |
1 |
0 |
|a Advanced modern engineering mathematics
|c Glyn James ... [et al.].
|
| 260 |
|
|
|a Harlow, England
|a Reading, MA:
|b Addison-Wesley,
|c 1999.
|
| 300 |
|
|
|a 989p.:
|b ill.;
|c 24cm.
|
| 504 |
|
|
|a Includes bibliographical references
|
| 650 |
0 |
0 |
|a Engineering mathematics
|
| 997 |
|
|
|a Engineering & Life Sciences, Faculty
|b Engineering, Department
|
| 999 |
|
|
|a 0000005015
|b BOK
|c OPEN SHELF
|e 1st Floor, Bestari Jaya
|